| 000 | 00631nam a2200217Ia 4500 | ||
|---|---|---|---|
| 999 |
_c3555 _d3555 |
||
| 001 | 18337196 | ||
| 003 | OCoLC | ||
| 005 | 20181114153448.0 | ||
| 008 | 880810s1986 txu 000 0 eng d | ||
| 020 | _a0899850294 (pbk.) | ||
| 040 |
_aOKO _cOKO _dMAL |
||
| 082 |
_a248.4 _bL748R |
||
| 090 |
_aBT732.5 _b.L555 1986 |
||
| 092 |
_a234.13 _bL64w |
||
| 100 | 1 |
_aLindsay, Gordon, _d1906-1973. |
|
| 245 | 1 | 0 |
_aWhy christians are sick : _band how they may get well / _cby Gordon Lindsay. |
| 260 |
_aDallas, Tex. : _bChrist for the Nations, _c1986. |
||
| 300 |
_a132 p. : _bill. ; _c18 cm. |
||
| 650 | 0 | _aSpiritual healing. | |
| 942 |
_2ddc _cBK |
||